000 00756nab a2200229 u 4500
001 07990
003 HDC
007 cr bn ---aaaaa
008 210129c2012 my dr|nes 0 a may d
040 _aHDC
245 0 _aAyamas Bebas Antibiotik Bahaya
260 _aKuala Lumpur :
_bThe New Straits Times Press (M) Bhd.,
_c2012
336 _atext
_2rdacontent
337 _acomputer
_2rdamedia
338 _aonline resource
_2rdacarrier
650 _aAyamas product
_zMalaysia
_98500
650 _achloramphenicol
_98499
856 _zRequest full-text at [email protected]
942 _2lcc
942 _cNEWS
942 _kNWSC 002289
999 _c5313
_d5313